| Поле | Инд. | ПП | Название | Значение |
|---|---|---|---|---|
| Тип записи | a | |||
| Библиографический уровень | b | |||
| 001 | Контрольный номер | RU/IS/BASE/400946105 | ||
| 005 | Дата корректировки | 20200528185512.7 | ||
| 084 | a | Индекс другой классификации/Индекс ББК | 63.3(4Беи)61-334 | |
| 100 | 1_ | a | Автор | Даркович А. Л. |
| q | Полное имя | Даркович Александр Леонидович | ||
| 245 | a | Заглавие | Городское самоуправление в Западной Белоруссии. 1926 - 1939 годы | |
| 504 | a | Библиография | Лит. - Примеч. | |
| 520 | a | Аннотация | "Принципиальным является вопрос о соотношении национального состава органов территориального самоуправления и национальной структуры населения Западной Белоруссии..." | |
| 650 | a | Основная рубрика | внутренняя политика | |
| a | Основная рубрика | история | ||
| 653 | a | Ключевые слова | XX век | |
| a | Ключевые слова | Белоруссия | ||
| a | Ключевые слова | белорусы | ||
| a | Ключевые слова | Брест-над-Бугом | ||
| a | Ключевые слова | городская рада | ||
| a | Ключевые слова | городские управы | ||
| a | Ключевые слова | городское самоуправление | ||
| a | Ключевые слова | государственное управление | ||
| a | Ключевые слова | Гражданское управление восточных земель | ||
| a | Ключевые слова | Западная Белоруссия | ||
| a | Ключевые слова | избирательное право | ||
| a | Ключевые слова | избирательные кампании | ||
| a | Ключевые слова | местное самоуправление | ||
| a | Ключевые слова | национальная политика (этнополитика) | ||
| a | Ключевые слова | национальный состав населения | ||
| a | Ключевые слова | органы самоуправления | ||
| a | Ключевые слова | Пинск | ||
| a | Ключевые слова | Полесское воеводство | ||
| a | Ключевые слова | Польша | ||
| a | Ключевые слова | поляки | ||
| a | Ключевые слова | регионы России | ||
| a | Ключевые слова | Россия | ||
| a | Ключевые слова | самоуправление | ||
| a | Ключевые слова | советский период | ||
| a | Ключевые слова | СССР | ||
| a | Ключевые слова | территориальное самоуправление | ||
| 773 | t | Заглавие источника | Вопросы истории | |
| d | Дата издания источника | 2012 | ||
| g | Прочая информация | № 2. - С. 74 - 90 | ||
| w | Контрольный № источника | RU/IS/BASE/383238307 | ||
| 901 | t | Тип документа | b |